00410nam a22001457a 4500003000500000038001100005082001700016100001800033245004300051260004700094300001800141500001500159880003600174880005400210NUST awaseem a891.424bGHU aGhuman, Ilyas aMera kola khali kiyon? /cIlyas Ghuman aLahore :bM S and Ishtiaq printers,c2001. aill. 112 p. ; ahardcover. 6100-01\raالیاس گُھمن 6245-02\raمیرا کولا خالی کیوں؟ /